| 000 | 00667nam a22001937a 4500 | ||
|---|---|---|---|
| 005 | 20180423112009.0 | ||
| 010 | _aB-691555-556 | ||
| 020 |
_c250.00 _a8186204261 |
||
| 035 | _aB-691555-556 | ||
| 037 | _bR.K.Books | ||
| 082 | _a551.46 | ||
| 100 | _dLal, D.S. | ||
| 245 |
_aOceanography / _cby D.S. Lal |
||
| 260 |
_aDelhi _bSharda Pustak Bhawan _c2017 |
||
| 270 |
_aUniversity Road, _bAllahabad _e211002 |
||
| 300 |
_a296p. _c23cm(pbk) |
||
| 942 |
_2ddc _cEN _mLAL _h551.46 |
||
| 999 |
_c151658 _d151658 |
||